000 00480nam a2200181Ia 4500
001 25085
005 20260414151126.0
008 260414t2010||||xx |||||||||||||| ||spa||
041 _aESP
082 _a346.2
_bR73
100 _aRodríguez Llamas, Sonia
_eAUT
245 0 _aLa mediación familiar en España :
_bfundamento, concepto y modelos jurídicos
260 _c2010
300 _a430 páginas :
_c21 cm.
650 _aDER
654 _aCDE
942 _cLIB
_dJUS
_fJUS
_2ddc
_n
999 _c25085
_d25085